[Event "EICC 2017"]
[Site "Minsk"]
[Date "2017.06.05"]
[Round "6"]
[White "Onischuk, Vladimir"]
[Black "Howell, David W L"]
[Result "0-1"]
[WhiteElo "2608"]
[BlackElo "2684"]
[Annotator "TA"]
[PlyCount "88"]
[EventDate "2017.??.??"]
[EventCountry "BLR"]
[SourceTitle "playchess.com"]
[Source "ChessBase"]
[SourceQuality "1"]

{[%evp 20,88,0,0,0,0,4,4,4,4,4,6,12,12,6,11,14,0,0,0,0,0,0,0,0,-10,0,0,-7,-11,0,-17,-27,-22,-28,-63,-56,-59,-33,-97,-110,-105,-93,-106,-86,-86,-103,-108,-30,-43,-29,-105,-128,-276,-282,-525,-529,-525,0,-349,0,-517,-512,-493,-485,-1038,-1025,-1102,-1042,-5593,-2304]} 1. e4 e6 2. d4 d5 3. Nc3 Nf6 4. Bg5 dxe4 5. Nxe4 Be7 6. Nxf6+ Bxf6 7. Bxf6 Qxf6 8. Nf3 O-O 9. Qd2 c5 {C13: French: Classical System: 4 Bg5 Be7, Alekhine-Chatard Attack} 10. O-O-O Rd8 11. Qc3 {LiveBook: 3 Games} cxd4 {The position is equal.} 12. Rxd4 Rxd4 13. Qxd4 Qxd4 14. Nxd4 {[#]} b6 $146 ({Predecessor:} 14... Bd7 15. Be2 a6 16. Rd1 Kf8 17. f4 {½-½ (28) Perunovic,M (2558)-Ulybin,M (2544) Winterthur 2010}) 15. Be2 {[#] Threatens to win with Bf3.} Bb7 16. Nb5 {aiming for Rd1.} Nd7 17. Rd1 Nf6 18. f3 Kf8 19. c4 Ke7 20. Kd2 g5 21. Ke3 Bc6 22. Nc3 (22. Nd4 $5 {[%cal Rd4c6]} Bb7 23. Nb5 $11) 22... a5 23. b3 (23. h4 $5) 23... h6 24. a3 Ne8 25. g4 Nd6 26. f4 Rc8 27. Rc1 f5 {[%cal Bf7f5,Bf5f4][%mdl 32]} 28. h3 Kf6 29. Rd1 (29. fxg5+ $1 $15 hxg5 30. gxf5) 29... gxf4+ $17 30. Kxf4 e5+ 31. Ke3 f4+ 32. Kf2 Ke6 33. Nd5 Ne4+ (33... Bxd5 $17 34. Rxd5 {[#]} a4 $1 {[%mdl 512]} 35. bxa4 Nxc4) 34. Ke1 $11 Bxd5 35. Rxd5 $15 {[%mdl 4096] Endgame KRB-KRN} (35. g5 $1 $11 Rg8 36. Rxd5 Rxg5 37. Bg4+ Kf7 38. Rd7+ Ke8 39. Rd5) 35... Nc3 $17 36. Bd3 (36. Rd2 $17) 36... e4 $19 ({Less strong is} 36... Nxd5 37. Bf5+ Kf6 38. Bxc8 $17) 37. Rd4 $2 (37. Bxe4 {was the only chance.} Nxe4 38. Rd4) 37... Ke5 38. Rd7 Ke6 39. Rd4 $1 Ke5 (39... exd3 $142 40. Rxd3 Ne4) 40. Rd7 exd3 {Black is clearly winning.} 41. Rxd3 Nb1 42. a4 (42. Rd7 $142 Nxa3 43. Ke2) 42... Ke4 43. Rd1 Nc3 44. Rd6 Ke3 {Precision: White = 36%, Black = 68%.} 0-1

[Event "EICC 2017"]
[Site "Minsk"]
[Date "2017.06.05"]
[Round "6"]
[White "Mista, Aleksander"]
[Black "Mikaelyan, Arman"]
[Result "0-1"]
[WhiteElo "2606"]
[BlackElo "2444"]
[Annotator "TA"]
[PlyCount "92"]
[EventDate "2017.??.??"]
[EventCountry "BLR"]
[SourceTitle "playchess.com"]
[Source "ChessBase"]
[SourceQuality "1"]

{[%evp 22,91,32,29,20,26,30,25,35,22,29,21,25,26,33,25,27,31,30,27,27,9,55,20,16,15,15,45,39,37,30,11,34,50,27,34,23,25,19,23,42,28,20,39,34,0,0,0,0,0,0,0,0,0,0,0,0,0,0,0,0,-189,-167,-1042,-1020,-29998,-29995,-29997,-29998,-29998,-29999,-29999]} 1. e4 e5 2. Nf3 Nc6 3. Bb5 a6 4. Ba4 Nf6 5. O-O Be7 6. Re1 b5 7. Bb3 d6 8. c3 O-O 9. h3 Bb7 10. d4 Nd7 11. Nbd2 Bf6 12. Nf1 exd4 {C92: Closed Ruy Lopez: 9...Be6, Karpov and Flohr-Zaitsev Variations} 13. cxd4 Na5 14. Bc2 Re8 {White has an edge.} 15. Rb1 c5 16. d5 Nc4 17. b3 Nce5 18. N3h2 Ng6 19. Ng3 {[#]} Bc8 $146 20. Ng4 (20. Nf5 $5 {[%cal Rf5d6]}) 20... Bc3 21. Rf1 Nb6 22. Ne3 (22. Ne2 $5 {[%cal Re2c3]} Bxg4 23. hxg4 $11) 22... a5 23. f4 (23. Ne2 $5 {[%cal Re2c3]} Bf6 24. f4 $11) 23... b4 24. Bb2 Bxb2 25. Rxb2 Qf6 26. e5 Nxe5 (26... dxe5 {feels hotter.} 27. Ne4 Qh4 28. Nd6 Ba6 29. Nxe8 Rxe8 30. Bd3 exf4 31. Nf5 Qf6) 27. fxe5 Qxe5 28. Kh2 Ba6 (28... Qxb2 29. Bxh7+ Kf8 30. Qh5 $11) 29. Bxh7+ ({Wrong is} 29. Rf2 $2 Qxe3 30. Qg4 g6 $19) 29... Kxh7 30. Rxf7 Rf8 $1 {[%cal Rf8f7]} ({Avoid the trap} 30... Qxe3 $2 31. Qh5+ Kg8 32. Rxg7+ $1 {[%mdl 512]} Kxg7 33. Nf5+ Kf6 34. Nxe3 $18) 31. Rbf2 {[%cal Bb2f2,Bf2f7,Bf7b7][%mdl 32]} Rxf7 32. Rxf7 Kg8 33. Qf3 (33. Rf3 $5 {[%cal Re3f5]} Re8 34. Qc2 Nxd5 35. Nxd5 Qxd5 36. Qg6 $11) 33... Be2 34. Qf2 Bd3 $1 35. Rb7 Rf8 36. Qd2 Nxd5 {[%cal Bb6d5,Bd5f4,Bf4g2][%mdl 32]} 37. Ng4 $1 {[%cal Rg4e5]} Qd4 {...Nf4 is the strong threat.} 38. Qg5 {Black must now prevent Nh5.} Nf4 39. Nh6+ Kh8 40. Nf7+ Kg8 41. Nxd6 $2 {[#]} (41. Nf5 $11 {and White stays safe.} Bxf5 42. Qxf5) 41... Nxg2 $1 $40 {[%mdl 128] Black has strong attack.} 42. Qe7 $2 (42. Ndf5 Bxf5 43. Nxf5 Qe5+ 44. Qg3 Rxf5 45. Qxe5 Rxe5 46. Kxg2 Re2+ 47. Kf1 Rxa2 48. Rb5) 42... Nh4 {( -> ...Nf3+)} (42... Nf4 {[#]} 43. Qxf8+ $1 {[%mdl 512]} Kxf8 44. Rb8+ Ke7 45. Ndf5+ Bxf5 46. Nxf5+ Kd7 47. Nxd4 $11) 43. Nge4 Qb2+ {Black mates.} 44. Kg3 Qg2+ 45. Kxh4 Rf4+ 46. Kh5 Be2# {Precision: White = 64%, Black = 82%.} 0-1

[Event "EICC 2017"]
[Site "Minsk"]
[Date "2017.06.05"]
[Round "6"]
[White "Fridman, Daniel"]
[Black "Kuzubov, Yuriy"]
[Result "1/2-1/2"]
[WhiteElo "2605"]
[BlackElo "2637"]
[Annotator "TA"]
[PlyCount "68"]
[EventDate "2017.??.??"]
[EventCountry "BLR"]
[SourceTitle "playchess.com"]
[Source "ChessBase"]
[SourceQuality "1"]

{[%evp 29,68,5,12,15,15,9,9,9,9,8,9,9,9,8,9,9,9,9,16,10,14,10,10,0,4,0,11,8,23,9,20,21,24,16,26,14,10,10,14,16,24]} 1. d4 Nf6 2. Nf3 d5 3. c4 e6 4. g3 Bb4+ 5. Bd2 Be7 6. Bg2 O-O 7. O-O c6 8. Qc2 b6 9. Bf4 Bb7 10. Rd1 Nbd7 11. Ne5 Nh5 {E08: Closed Catalan: Main Line: 7 Qc2} 12. Bd2 Nhf6 13. cxd5 cxd5 14. Nc6 Bxc6 15. Qxc6 a6 {LiveBook: 9 Games} (15... Rc8 16. Qb5 Ne8 17. Qd3 Nd6 18. Nc3 Nf6 19. b3 Qd7 20. Rac1 Rfd8 21. Rc2 Nde4 22. Be1 {½-½ (22) Radjabov,T (2710)-Gelfand,B (2724) Moscow 2017}) 16. Rc1 Rc8 17. Qxc8 Qxc8 18. Rxc8 Rxc8 19. Nc3 b5 $146 20. Rc1 Nb6 21. Nd1 Rxc1 22. Bxc1 Nfd7 23. b3 Nb8 24. Ne3 Nc6 25. Nc2 f5 26. Bd2 Kf7 27. e3 g6 28. Bf1 Bd6 29. Bd3 Bf8 30. Kf1 Be7 31. Ke2 Bf8 32. a4 bxa4 {The position is equal.} 33. bxa4 Nxa4 34. Bxa6 {[#] Bb5 is the strong threat.} Nb6 {Precision: White = 65%, Black = 59%.} 1/2-1/2

[Event "EICC 2017"]
[Site "Minsk"]
[Date "2017.06.05"]
[Round "6"]
[White "Oparin, Grigoriy"]
[Black "Harutjunyan, Gevorg"]
[Result "1-0"]
[WhiteElo "2604"]
[BlackElo "2472"]
[Annotator "TA"]
[PlyCount "41"]
[EventDate "2017.??.??"]
[EventCountry "BLR"]
[SourceTitle "playchess.com"]
[Source "ChessBase"]
[SourceQuality "1"]

{[%evp 10,41,24,12,28,25,29,32,27,23,37,25,44,35,49,44,51,51,48,46,68,60,58,61,143,110,128,135,521,502,558,476,475,460]} 1. e4 c6 2. d4 d5 3. e5 Bf5 4. Nd2 e6 5. Nb3 Nd7 6. Nf3 h6 {B12: Caro-Kann: Advance Variation} 7. Be2 Ne7 8. O-O Bh7 {White is slightly better.} (8... Qc7 9. Bd2 g5 10. c4 a5 11. Rc1 dxc4 12. Bxc4 Bg7 13. Re1 O-O 14. h4 g4 {1-0 (39) Vachier Lagrave,M (2804)-Tomashevsky,E (2716) Doha 2016}) 9. Bd2 Nf5 10. Rc1 Rc8 11. Ba5 $146 ({Predecessor:} 11. a3 Be7 12. g4 Nh4 13. Nxh4 Bxh4 14. f4 O-O 15. Rf3 {½-½ (46) Diaz Contreras,P (2261)-Cuevas Araya,W (2223) Santiago 2016}) 11... b6 12. Bd2 $36 {[%mdl 2048] White is more active.} Be7 13. c4 dxc4 14. Bxc4 O-O 15. Qe2 c5 16. Rfd1 cxd4 ({Black should try} 16... Qc7 $14) 17. Nbxd4 Nxd4 18. Nxd4 {[%cal Bf3d4,Bd4e6,Be6f8,Bf8h7][%mdl 32]} Nxe5 $2 {[%mdl 8192] [#]} (18... Kh8 $16 {is a better chance.}) 19. Nxe6 $1 $18 {White is clearly winning.} (19. Qxe5 Bf6 $11) 19... Qd6 20. Nxf8 Rxc4 21. Nxh7 {Precision: White = 100%, Black = 42%.} ({Weaker is} 21. Rxc4 Bd3 $18) 1-0

[Event "EICC 2017"]
[Site "Minsk"]
[Date "2017.06.05"]
[Round "6"]
[White "Gledura, Benjamin"]
[Black "Diermair, Andreas"]
[Result "0-1"]
[WhiteElo "2602"]
[BlackElo "2472"]
[Annotator "TA"]
[PlyCount "86"]
[EventDate "2017.??.??"]
[EventCountry "BLR"]
[SourceTitle "playchess.com"]
[Source "ChessBase"]
[SourceQuality "1"]

{[%evp 11,86,15,15,9,15,9,19,0,3,-27,18,15,19,-25,-27,-47,-33,-44,-37,-33,-28,-44,-59,-52,-55,-38,-41,-56,-58,-54,-35,-42,-22,-104,-97,-106,0,0,0,-17,0,-17,35,12,33,0,48,24,57,-453,-452,-414,-412,-510,-337,-5211,-535,-4886,-243,-238,-234,-238,-227,-312,-219,-297,-242,-252,-236,-241,-222,-237,-236,-413,-406,-2277,-1319]} 1. e4 e6 2. d4 d5 3. Nd2 Be7 4. Ngf3 Nf6 5. Bd3 c5 6. e5 Nfd7 7. c3 {C03: French Tarrasch: Unusual Black 3rd moves} b6 8. Qe2 a5 9. Bb5 {The position is equal.} (9. Nf1 Ba6 10. Bxa6 Nxa6 11. Ng3 O-O 12. O-O Re8 13. Bf4 Nf8 14. Nh5 Ng6 {1-0 (51) Li,R (2577)-Naroditsky,D (2646) chess.com INT 2017}) 9... a4 $146 ({Predecessor:} 9... Ba6 10. a4 Qc8 11. O-O O-O 12. c4 Nc6 13. cxd5 exd5 14. b3 cxd4 {1-0 (37) Oral,T (2533)-Renner,C (2420) Germany 2011}) 10. Qd1 a3 (10... Ba6 $5 {[%cal Ra6b5]} 11. Qxa4 O-O $11) 11. bxa3 Na6 12. a4 (12. Bc6 $5 {[%cal Rc6a8]} Ra7 13. O-O $11) 12... Nc7 13. c4 O-O 14. Bb2 Bb7 15. O-O Ra7 16. Qb3 Nxb5 17. axb5 Qa8 18. a4 cxd4 19. Bxd4 Nc5 20. Bxc5 Bxc5 21. Rfc1 f6 22. Re1 (22. exf6 $11 Rxf6 23. Qb2) 22... fxe5 $17 23. Rxe5 Rf4 ({Better is} 23... dxc4 $1 $17 24. Qxc4 Bd5) 24. Rxe6 dxc4 25. Qc3 Bd5 26. Re2 Rf8 (26... Raf7 $11) 27. Qc2 $14 h6 $1 28. Ne4 Rc7 29. Rd1 c3 30. Nd4 $2 {[%mdl 8192]} (30. h3 $14 {keeps the upper hand.}) 30... Bxe4 $1 $19 31. Rxe4 Rd7 $1 32. Qb3+ Kh8 33. f3 $2 {[#]} (33. Rg4) 33... Rfd8 (33... Qxe4 $142 $3 {[%mdl 512]} 34. fxe4 Rxd4) 34. Qc4 {[#]} c2 $2 (34... Qxe4 $1 {[%mdl 512]} 35. fxe4 Rxd4) 35. Qxc2 Rxd4 36. Rdxd4 Bxd4+ $40 {[%mdl 128] Black goes for the king.} 37. Kh1 Qd5 38. h4 Bc5 39. Qe2 Kh7 40. Kh2 Bd6+ 41. Kh3 Rf8 42. Rg4 $2 (42. g3 {keeps fighting.}) 42... Kh8 43. Qb2 {[#]} (43. Re4 $142) 43... Rxf3+ $1 {[%mdl 512] Precision: White = 28%, Black = 58%.} 0-1

[Event "EICC 2017"]
[Site "Minsk"]
[Date "2017.06.05"]
[Round "6"]
[White "Bok, Benjamin"]
[Black "Duda, Jan-Krzysztof"]
[Result "1/2-1/2"]
[WhiteElo "2598"]
[BlackElo "2693"]
[Annotator "TA"]
[PlyCount "53"]
[EventDate "2017.??.??"]
[EventCountry "BLR"]
[SourceTitle "playchess.com"]
[Source "ChessBase"]
[SourceQuality "1"]

{[%evp 11,53,29,56,27,47,35,54,45,33,30,52,27,49,14,61,38,73,72,72,77,69,62,65,51,62,30,27,7,16,12,7,17,41,29,20,-19,20,27,34,35,25,27,37,21]} 1. e4 c5 2. Nf3 e6 3. d4 cxd4 4. Nxd4 Nc6 5. Nc3 Qc7 6. Be3 a6 7. Qf3 {B48: Sicilian: Taimanov: 5 Nc3 Qc7 6 Be3 a6 without Be2} d6 (7... Nf6 8. O-O-O Rb8 9. Be2 d6 10. Qg3 Nxd4 11. Bxd4 e5 12. Ba7 Ra8 13. Be3 b5 14. f4 Bb7 15. fxe5 Nxe4 16. Nxe4 Bxe4 {1-0 (42) Nepomniachtchi,I (2767)-Adhiban,B (2666) Doha 2016}) 8. Nxc6 (8. a3 {keeps more tension.} Nf6 9. Qg3 Nh5 10. Qh4 Nf6 11. Be2) 8... Qxc6 9. Qg3 Nf6 10. Bd3 b5 11. f3 Bb7 12. O-O-O $146 ({Predecessor:} 12. a3 Nd7 13. Bd4 Rg8 14. O-O Be7 {1-0 (37) Studer,N (2477)-Tran,M (2353) Bhubaneswar 2016}) 12... Rc8 13. Kb1 b4 14. Ne2 Qc7 15. c3 bxc3 16. Nxc3 Be7 17. Rc1 {[#] aiming for Nd5.} Qa5 18. Qf2 Nd7 19. Rhd1 O-O 20. Qd2 Qd8 21. Bf1 Nc5 22. Bf4 {[%cal Rf4d6]} (22. h4 $5) 22... Rc6 23. e5 {[%cal Re5d6]} (23. h4 $5) 23... dxe5 24. Qxd8 Rxd8 25. Rxd8+ Bxd8 26. Bxe5 Kf8 27. Rd1 {Precision: White = 59%, Black = 49%.} 1/2-1/2

[Event "EICC 2017"]
[Site "Minsk"]
[Date "2017.06.05"]
[Round "6"]
[White "Ter-Sahakyan, Samvel"]
[Black "Andreikin, Dmitry"]
[Result "1/2-1/2"]
[WhiteElo "2598"]
[BlackElo "2723"]
[Annotator "TA"]
[PlyCount "60"]
[EventDate "2017.??.??"]
[EventCountry "BLR"]
[SourceTitle "playchess.com"]
[Source "ChessBase"]
[SourceQuality "1"]

{[%evp 9,60,61,64,64,57,66,63,15,13,16,27,21,37,4,19,-9,-9,0,6,-2,64,18,60,10,10,8,54,12,25,13,17,-8,0,0,0,0,0,-49,0,0,0,0,0,0,0,0,0,0,0,0,0,0,0]} 1. e4 g6 2. d4 Bg7 3. Nc3 c6 4. f4 Qb6 5. Nf3 d5 6. e5 {B06: Modern Defence} Bg4 7. Be2 Nh6 8. Nh4 {White is slightly better.} (8. Na4 {looks sharper.} Qc7 9. b3 Nf5 10. O-O h5 11. h3) (8. O-O Bxf3 9. Rxf3 Nf5 10. Rd3 h5 11. b4 Nd7 12. Rb1 e6 {1-0 (34) Saric,I (2668)-Bologan,V (2648) Baku 2016}) 8... Bxe2 9. Nxe2 e6 10. O-O c5 11. c3 Nc6 12. Kh1 $146 ({Predecessor:} 12. b3 cxd4 13. cxd4 {½-½ (52) Dubov,D (2155)-Novikov,S (2557) Moscow 2010}) 12... cxd4 13. Nxd4 Nxd4 14. cxd4 f5 ({Better is} 14... O-O $11) 15. Nf3 Nf7 16. Rf2 O-O 17. h3 {[#]} g5 $1 {[%mdl 512]} 18. g4 (18. Be3 {is more complex.} Rac8 19. Rc1 g4 20. hxg4 fxg4 21. Nh4) (18. Nxg5 Nxg5) 18... fxg4 19. hxg4 gxf4 {White must now prevent ...Nxe5!} 20. Qd3 Nxe5 21. Nxe5 Bxe5 22. Rh2 {[%csl Gh2][%cal Rd3h7] [#]} Bg7 23. Qxh7+ Kf7 24. Rh6 {The position is equal.} Rh8 25. Qg6+ Kg8 $1 26. Bxf4 Rf8 27. Rxh8+ Kxh8 28. Be5 Bxe5 29. Qh6+ Kg8 30. dxe5 Qf2 {Precision: White = 39%, Black = 49%.} 1/2-1/2

[Event "EICC 2017"]
[Site "Minsk"]
[Date "2017.06.05"]
[Round "6"]
[White "Lopez Martinez, Josep Manuel"]
[Black "Sarana, Alexey"]
[Result "1-0"]
[WhiteElo "2597"]
[BlackElo "2472"]
[Annotator "TA"]
[PlyCount "119"]
[EventDate "2017.??.??"]
[EventCountry "BLR"]
[SourceTitle "playchess.com"]
[Source "ChessBase"]
[SourceQuality "1"]

{[%evp 19,119,24,38,6,3,0,0,0,150,141,200,196,201,201,202,126,131,157,154,65,65,67,166,144,158,151,181,0,52,48,43,51,34,23,92,92,166,165,209,210,210,207,193,196,221,211,208,194,194,153,247,153,145,152,154,128,145,153,230,225,226,190,203,177,145,137,140,151,293,289,592,599,577,577,570,483,3582,2995,12828,12818,4698,2001,2048,1994,1587,1366,1506,1567,12832,1796,12832,12831,12831,12831,12833,12834,12838,12839,12841,12840,12841,12842]} 1. e4 c6 2. Nc3 d5 3. Nf3 Nf6 4. e5 Ne4 5. Ne2 Qb6 6. d4 {B11: Caro-Kann: Two Knights Variation} e6 7. Nfg1 f6 8. f3 Ng5 9. exf6 gxf6 10. f4 Nf7 {LiveBook: 34 Games} 11. Nf3 e5 $1 12. fxe5 fxe5 13. Ng3 e4 ({Better is} 13... Be6 $11) 14. Ng5 $16 Nxg5 (14... Qb4+ $16 15. c3 Qe7 16. Nxf7 Qxf7) 15. Bxg5 $18 {Threatening mate with Qh5+.} Be6 16. Qh5+ $1 Bf7 17. Qh3 {White threatens Qc8+ and mate.} Nd7 18. O-O-O Rg8 19. Bf4 ({White should try} 19. Bh4 $1 $16) 19... O-O-O $14 20. Be2 $1 Bg6 {[#]} (20... c5 $14) 21. Bg4 $1 $18 Bg7 22. Ne2 c5 {[%cal Rc5d4]} 23. Nc3 $2 (23. Qa3 $18 Be8 24. Bxd7+ Bxd7 25. dxc5) 23... cxd4 (23... Bxd4 $11 24. Bg5 {[#]} h5 $1 {[%mdl 512]} 25. Bxd7+ Rxd7 26. Rxd4 cxd4 27. Nxd5 Qb5 28. Ne7+ Kd8 29. Nd5+ Kc8 30. Ne7+ Kd8 31. Nd5+ Kc8) 24. Nxd5 $14 {[%cal Rd5e7]} Qc5 25. Qb3 Bf7 26. Nb6+ $40 {[%mdl 128] White mounts an attack.} (26. Qc4 $5 Bf8 27. Qxc5+ Bxc5 28. Nf6 Rxg4 29. Nxg4 $11) 26... Qxb6 (26... axb6 $11 {keeps the balance.} 27. Qxf7 Rgf8 28. Qxg7 Rxf4) 27. Qxf7 $16 Qc6 (27... Rgf8 $16 {keeps fighting.} 28. Qxg7 Rxf4) 28. Rhe1 $18 {[%cal Bh1e1,Be1e4,Be4e6][%mdl 32]} d3 {[%csl Gd3][%cal Rc6c2]} 29. Bxd7+ $1 Qxd7 30. Qc4+ Qc6 31. Rxe4 dxc2 {[%csl Gd8][%cal Rc2d1]} 32. Rxd8+ Rxd8 33. Qxc6+ (33. Qxc2 $6 Qxc2+ 34. Kxc2 Rd4 $16) 33... bxc6 {[%mdl 4096] Endgame KRB-KRB} 34. Re6 Rd1+ 35. Kxc2 Kd7 {And now ...Rd4 would win.} 36. Re2 Rf1 37. Rd2+ Ke7 38. Be3 a6 (38... a5 $16 {was worth a try.} 39. b3 Ke6) 39. Bc5+ Ke6 40. Rd6+ Ke5 {With the idea ...Bf8.} 41. Rd7 ({Don't play} 41. Rxc6 $6 Kd5 $16) 41... Bf8 42. Bxf8 Rxf8 $16 {KR-KR} 43. Kc3 h5 (43... Rf2 $16 44. Rg7 (44. Rxh7 Rxg2 45. a4 Rf2 $16) 44... h5) 44. Ra7 $18 Rf2 $2 (44... h4 {is tougher.} 45. Rxa6 h3 46. Ra5+ (46. Rxc6 hxg2 47. Rg6 Rf3+ 48. Kd2 Rf2+ 49. Ke3 Rxb2 $11) (46. gxh3 Kd6 $18) 46... Kd6) 45. Rxa6 {White is clearly winning.} Kd6 46. Ra5 h4 47. Rh5 Rxg2 (47... Rf4 $142 48. b4 Rg4) 48. Rxh4 Kc5 49. a4 Rf2 50. b3 (50. b4+ $142 Kb6 51. Kb3) 50... Rf3+ 51. Kb2 Rf2+ 52. Ka3 Kb6 53. Rh6 Rg2 54. h4 (54. b4 $142 Rf2 55. a5+ Kb5 56. Rh5+ Ka6 57. Rc5) 54... Rh2 55. h5 {[%cal Bh4h5,Bh5h6,Bh6h7][%mdl 32]} Rh3 56. Rh8 c5 57. Kb2 Kb7 58. h6 Ka7 59. Kc2 Kb7 60. h7 {Precision: White = 69%, Black = 29%.} 1-0

[Event "EICC 2017"]
[Site "Minsk"]
[Date "2017.06.05"]
[Round "6"]
[White "Buhmann, Rainer"]
[Black "Sychev, Klementy"]
[Result "1-0"]
[WhiteElo "2596"]
[BlackElo "2459"]
[Annotator "TA"]
[PlyCount "145"]
[EventDate "2017.??.??"]
[EventCountry "BLR"]
[SourceTitle "playchess.com"]
[Source "ChessBase"]
[SourceQuality "1"]

{[%evp 15,145,11,35,9,36,14,52,-23,0,8,-9,-23,12,6,15,29,25,20,47,43,34,43,48,56,60,57,47,47,96,116,95,90,114,109,97,56,83,45,67,67,60,61,62,67,65,58,70,63,94,97,103,68,130,129,142,141,130,131,181,125,125,119,137,103,116,95,93,58,58,58,58,58,58,52,52,0,64,64,65,52,184,210,176,116,116,116,116,116,131,131,131,131,131,131,138,146,131,131,132,131,131,62,737,701,383,214,12836,12836,12837,12837,12837,12838,12838,12839,12839,12839,12840,12840,12841,12842,12842,12842,12846,12847,12847,12847,12848,12847,12848,12848,12849,12847]} 1. Nf3 d5 2. d4 Nf6 3. c4 c6 4. e3 Bf5 5. Nc3 e6 6. Nh4 Be4 7. f3 Bg6 {D12: Slav Defence: 3 Nf3 Nf6 4 e3 Bf5} 8. Be2 (8. Qb3 Qc7 9. Bd2 a6 10. Rc1 dxc4 11. Bxc4 Nbd7 12. a4 Be7 13. g3 Bh5 14. O-O O-O 15. Ng2 Rad8 16. Nf4 Kh8 {½-½ (34) So,W (2822)-Caruana,F (2817) chess.com INT 2017}) 8... a6 {LiveBook: 10 Games} 9. O-O Be7 {The position is equal.} 10. g3 $146 ({Predecessor:} 10. Nxg6 hxg6 11. Bd2 c5 12. dxc5 Bxc5 13. g3 Nc6 {1-0 (45) Parligras,M (2559)-Chetrari,N (1922) Iasi 2014}) 10... O-O 11. a3 (11. e4 $14) 11... c5 12. dxc5 Bxc5 13. Kg2 Nc6 14. b4 Be7 15. Nxg6 hxg6 16. cxd5 Nxd5 17. Nxd5 exd5 18. Ra2 {[%cal Ba1a2,Ba2d2,Bd2d3][%mdl 32]} Bf6 19. Rd2 Ne7 20. e4 (20. Bc4 $5) 20... Rc8 21. f4 Qb6 22. e5 Nf5 {[#] Strongly threatening ...Ne3+.} 23. Rd3 $1 Be7 24. Bf3 d4 25. Be4 Rfd8 26. Qe2 Rc7 27. g4 Ne3+ 28. Bxe3 dxe3 29. Qxe3 Qxe3 30. Rxe3 Rd2+ 31. Kg3 b6 32. g5 Rd4 33. Kf3 Rd2 (33... Rcc4 $14) 34. h4 $16 Rd4 35. Rb1 Kf8 36. Rbb3 Ke8 37. Rbd3 (37. Rbc3 $18 Rxc3 38. Rxc3) 37... Rxd3 38. Rxd3 {[%mdl 4096] Endgame KRB-KRB} Rc1 39. Bb7 a5 40. bxa5 bxa5 41. a4 Bb4 42. Rd5 Rc5 43. Rd1 Rc3+ 44. Ke4 Rc4+ 45. Kf3 Rc3+ $1 46. Kg4 Ke7 47. Bd5 f5+ (47... Ba3 $14) 48. exf6+ $1 $18 gxf6 {[%csl Gg6][%cal Rf6f5] [#]} 49. f5 ({White should play} 49. Be4 $1 $18) 49... gxf5+ 50. Kxf5 fxg5 51. hxg5 Re3 52. Bc6 Bc3 53. Rd7+ Kf8 54. Rd8+ Kf7 55. g6+ Kg7 56. Rd7+ Kf8 57. Rf7+ Kg8 58. Rc7 ({Better is} 58. Be4 $16 {And now Rc7 would win.} Re2 59. Rc7 Rf2+ 60. Kg5) 58... Kf8 $2 {[%mdl 8192]} (58... Re5+ $14 59. Kf4 Re6) 59. Be4 Ba1 60. Rc5 (60. Rf7+ $142 Kg8 61. Ra7) 60... Bc3 $2 (60... Rh3 61. Kg4 Re3) 61. Rc8+ {White is clearly winning.} Ke7 62. Rc7+ Kd6 {[#]} 63. g7 $1 {[%mdl 512]} Bxg7 64. Rxg7 {KRB-KR} Ra3 65. Rg6+ Kc5 66. Bc6 Re3 67. Bb5 Re1 68. Rg4 Rb1 69. Rc4+ Kd5 70. Rc8 Rb2 71. Kf6 Kd6 72. Rc6+ Kd5 73. Ke7 {Precision: White = 61%, Black = 42%.} 1-0

[Event "EICC 2017"]
[Site "Minsk"]
[Date "2017.06.05"]
[Round "6"]
[White "Pantsulaia, Levan"]
[Black "Fedoseev, Vladimir"]
[Result "1-0"]
[WhiteElo "2594"]
[BlackElo "2690"]
[Annotator "TA"]
[PlyCount "79"]
[EventDate "2017.??.??"]
[EventCountry "BLR"]
[SourceTitle "playchess.com"]
[Source "ChessBase"]
[SourceQuality "1"]

{[%evp 9,79,29,21,17,60,51,69,67,56,60,68,-81,-53,-82,87,86,97,85,122,88,94,73,126,117,135,114,181,116,145,145,232,225,207,225,243,244,231,164,286,219,254,180,524,513,503,482,458,386,797,848,825,831,894,904,896,892,854,829,775,563,775,748,754,739,1129,1026,1066,1759,1448,1441,29990,29991]} 1. c4 c6 2. g3 g6 3. Bg2 Bg7 4. Nf3 f5 5. d4 Nf6 (5... Nh6 6. Nc3 d6 7. O-O Nf7 8. e4 O-O 9. Re1 Na6 10. exf5 Bxf5 11. h3 Rb8 12. Be3 Nc7 13. Ng5 a6 14. Qd2 Bd7 15. Re2 b5 {1-0 (40) Boger,R (2642)-Van Geet,D (2617) ICCF email 2009}) 6. Nc3 {A11: English Opening: 1...c6} Ne4 7. h4 $146 ({Predecessor:} 7. Qc2 Nxc3 8. Qxc3 c5 9. e3 Nc6 10. O-O O-O 11. Bd2 d6 12. Rad1 e5 13. dxe5 dxe5 {1-0 (80) Kaczorowska,B (2230)-Erenska Barlo,H (2210) Lubniewice 1993}) 7... Nxc3 8. bxc3 {White is slightly better.} d6 9. h5 Nd7 10. Nh4 (10. c5 $14 {keeps the upper hand.}) 10... Qa5 $17 11. Bd2 gxh5 $2 (11... g5 $1 $17 {[%cal Rg5h4] stays on course.} 12. Nf3 h6) 12. c5 $1 $36 {[%mdl 2048] Black is under strong pressure.} Nf6 13. Qc2 f4 14. Bxf4 dxc5 15. O-O O-O (15... cxd4 $142 16. cxd4 Nd5) 16. e4 {[%mdl 1024] White has strong compensation.} Kh8 17. Rab1 Rf7 (17... Ng4 $16) 18. e5 (18. Nf3 $1 $18 {[%cal Rf3g5]} Rf8 19. Ng5) 18... Nd5 19. Bd2 cxd4 (19... Nb6 $16) 20. cxd4 $18 Qd8 21. Be4 Qg8 {[#]} 22. Kg2 $1 Bf8 {[#]} 23. Rh1 $1 {Black must now prevent Nf3.} Qg4 (23... a5 $142 24. Qd1 Bg4 25. Ng6+ hxg6 26. Qxg4 Bh6) 24. f3 Qg8 25. Kf2 Nc7 $2 (25... a5 {is more resistant.} 26. Ng2 Nb4) 26. Ng2 Ne6 27. Rxh5 Nxd4 28. Qc3 Rf5 $2 (28... Nxf3 29. e6+ Rf6 30. Bxf3 Bxe6 31. Rxb7 Rd8) 29. Rbh1 Rxh5 30. Rxh5 Bf5 31. Qxd4 c5 32. Qd3 Bxe4 33. Qxe4 Rd8 34. Ke2 Qf7 35. Nf4 e6 36. Be3 Kg8 {[#]} 37. Nxe6 $1 {[%mdl 512] Hoping for Qg4+.} Re8 (37... Qxe6 38. Qxh7#) 38. Rg5+ Kh8 39. Nxf8 Qxa2+ 40. Bd2 {Precision: White = 76%, Black = 36%.} 1-0